Toàn cầu hóa và một số tác động tới quan hệ Việt - Nga /

Bewaard in:
Bibliografische gegevens
Hoofdauteur: Nguyễn Quang Thuấn.
Formaat: Artikel
Taal:Vietnamese
Onderwerpen:
Nga
Tags: Voeg label toe
Geen labels, Wees de eerste die dit record labelt!
Thư viện lưu trữ: Thư viện Trường Đại học Đà Lạt
LEADER 00907nam a2200301 4500
001 DLU210196653
005 ##20210629
040 # # |a DLU  |b vie 
041 # # |a vie 
044 # # |a vn 
100 # # |a Nguyễn Quang Thuấn. 
245 # # |a Toàn cầu hóa và một số tác động tới quan hệ Việt - Nga /  |c Nguyễn Quang Thuấn. 
653 # # |a Nga 
653 # # |a Quan hệ hợp tác 
653 # # |a Tác động 
653 # # |a Toàn cầu hóa 
653 # # |a Việt Nam 
773 # # |t Nghiên cứu Châu Âu  |g Số 7(226), 2019, tr. 3-14 
920 # # |a Phòng Tạp chí -- Trung tâm Thông tin - Thư viện Trường Đại học Đà Lạt 
933 # # |a XH 
994 # # |a DLU 
900 # # |a True 
911 # # |a Hoàng Thị Huyền 
925 # # |a G 
926 # # |a A 
927 # # |a BB 
980 # # |a Thư viện Trường Đại học Đà Lạt